Statistics for Most-Visited Countries by Japanese

Click here to take the quiz!

General Stats

  • This quiz has been taken 19,765 times
  • The average score is 13 of 15

Answer Stats

Travelers Country % Correct
6,100,000United States
100%
5,200,000China
99%
730,000France
93%
3,500,000South Korea
92%
350,000Australia
92%
730,000Germany
86%
1,400,000Thailand
84%
450,000Indonesia
83%
350,000Italy
83%
360,000Spain
81%
580,000Vietnam
80%
1,400,000Taiwan
74%
410,000Philippines
74%
470,000Malaysia
73%
760,000Singapore
68%

Score Distribution

Percentile by Number Answered

Percent of People with Each Score

Your Score History

You have not taken this quiz